| 000 | 01436mam a22003494a 4500 | ||
|---|---|---|---|
| 001 | 2820318 | ||
| 003 | ARRUPE | ||
| 005 | 20140203132826.0 | ||
| 008 | 000620s2000 mnu b 001 0 eng | ||
| 010 | _a 00056182 | ||
| 020 | _a0800632524 | ||
| 035 | _a(OCoLC)ocm44502318 | ||
| 035 | _a(NNC)2820318 | ||
| 040 |
_aDLC _cDLC _dOrLoB-B |
||
| 042 | _apcc | ||
| 043 | _an-us--- | ||
| 050 | 0 | 0 |
_aBT707.7 _b.C35 2000 |
| 082 | 0 | 0 |
_a261.8/3585 _221 |
| 100 | 1 |
_aCahill, Lisa Sowle. _97721 |
|
| 245 | 1 | 0 |
_aFamily : _ba Christian social perspective / _cLisa Sowle Cahill. |
| 260 |
_aMinneapolis : _bFortress Press, _cc2000. |
||
| 300 |
_axiv, 170 p. ; _c23 cm. |
||
| 504 | _aIncludes bibliographical references (p. [138]-160) and index. | ||
| 505 | 0 | 0 |
_g1. _tFamilies, Christian Ethics, and Civil Society -- _g2. _tFamily Bonds and Christian Community: New Testament Sources -- _g3. _tFamily as Church: Three Historical Representations -- _g4. _tDomestic Church: Families and the Common Good -- _g5. _tLessons from African American Families -- _g6. _tA Christian Family Vision. |
| 610 | 2 | 0 |
_aCatholic Church _xDoctrines. _97722 |
| 650 | 0 |
_aFamilies _xReligious aspects _xChristianity. _97723 |
|
| 650 | 0 |
_aChristian sociology _zUnited States. _97724 |
|
| 650 | 0 |
_aFamilies _xReligious aspects _xCatholic Church. _97725 |
|
| 650 | 0 |
_aChristian sociology _xCatholic Church _zUnited States. _97726 |
|
| 900 | _bTOC | ||
| 942 |
_2lcc _cMONOGRAPH |
||
| 999 |
_c119884 _d119884 |
||